000 00381nam a2200133Ia 4500
008 240624s9999 xx 000 0 und d
041 _aeng
082 _a658.4092 STE
100 _aSTEIL LYMAN K
245 _aLISTENING LEADERS THE TEN GOLDEN RULES T
260 _c2006
_aNew Delhi
_bUBS Publisher's Distributors Pvt.Ltd.
300 _axii, : 380 : p. : cm. ; 23
365 _cRS
_b20
999 _c16118
_d16118